[Event "First Saturday 2006 augusztus FM-B"]
[Site "Budapest"]
[Date "2006.08.09"]
[Round "5"]
[White "Martin, Bela"]
[Black "Nagy, Aron"]
[Result "1-0"]
[WhiteElo "2027"]
[BlackElo "1922"]
[PlyCount "45"]
[EventDate "2006.08.05"]

1. e4 e5 2. Nf3 Nf6 3. Nxe5 d6 4. Nf3 Nxe4 5. Nc3 Nf6 6. d4 Be7 7. Bd3 Bg4 8.
h3 Bh5 9. Bf4 Nbd7 10. Qe2 Nb6 11. O-O-O Qd7 12. Rhe1 Ng8 13. d5 O-O-O 14. g4
Bg6 15. Bb5 c6 16. dxc6 bxc6 17. Ne5 dxe5 18. Rxd7 Rxd7 19. Ba6+ Kd8 20. Qxe5
Bd6 21. Qe8+ Kc7 22. Bxd6+ Rxd6 23. a4 1-0

[Event "First Saturday 2006 augusztus FM-B"]
[Site "Budapest"]
[Date "2006.08.10"]
[Round "6"]
[White "Neuberg, Hans-Gerhard"]
[Black "Nagy, Aron"]
[Result "1/2-1/2"]
[WhiteElo "1966"]
[BlackElo "1922"]
[PlyCount "29"]
[EventDate "2006.08.05"]

1. e4 e6 2. d4 d5 3. Nd2 c5 4. exd5 Qxd5 5. Ngf3 cxd4 6. Bc4 Qd6 7. Nb3 Qb4+ 8.
Nbd2 Nc6 9. a3 Qd6 10. Ne4 Qd8 11. Bg5 Be7 12. O-O Nf6 13. Nxf6+ Bxf6 14. Bxf6
Qxf6 15. Bb5 1/2-1/2

[Event "First Saturday 2006 augusztus FM-B"]
[Site "Budapest"]
[Date "2006.08.10"]
[Round "6"]
[White "Dobos, Otto"]
[Black "Martin, Bela"]
[Result "1/2-1/2"]
[WhiteElo "1864"]
[BlackElo "2027"]
[PlyCount "53"]
[EventDate "2006.08.05"]

1. d4 d5 2. Bf4 Nf6 3. e3 c5 4. c3 Nc6 5. Nd2 Qb6 6. Qb3 c4 7. Qxb6 axb6 8. a3
e6 9. h3 b5 10. Rc1 Nd7 11. Ngf3 f6 12. Be2 Be7 13. O-O O-O 14. Bh2 Re8 15. e4
Nb6 16. Rfe1 Bf8 17. Bd1 Bd7 18. Bc2 dxe4 19. Nxe4 Nd5 20. Bd6 f5 21. Nc5 Bc8
22. Bxf8 Kxf8 23. Ng5 Nc7 24. Nxh7+ Kg8 25. Ng5 b6 26. d5 bxc5 27. dxc6 1/2-1/2

[Event "First Saturday 2006 augusztus FM-B"]
[Site "Budapest"]
[Date "2006.08.10"]
[Round "6"]
[White "Lakat, Gyula"]
[Black "Surinya, Tibor"]
[Result "1-0"]
[WhiteElo "2005"]
[BlackElo "1858"]
[PlyCount "57"]
[EventDate "2006.08.05"]

1. Nf3 Nf6 2. d4 e6 3. c4 Bb4+ 4. Bd2 Bxd2+ 5. Nbxd2 O-O 6. e4 d6 7. Qc2 Nbd7
8. e5 dxe5 9. dxe5 Ng4 10. Qe4 Nh6 11. O-O-O Qe7 12. h3 Nc5 13. Qc2 b6 14. b4
Nb7 15. Bd3 g6 16. h4 Qxb4 17. h5 Qa3+ 18. Kb1 Kg7 19. Ne4 Bd7 20. hxg6 hxg6
21. Nf6 Qb4+ 22. Qb3 Qxb3+ 23. axb3 Bc6 24. Rxh6 Rh8 25. Rxh8 Rxh8 26. Be4 Na5
27. Kb2 Bxe4 28. Nxe4 Rh5 29. Nfg5 1-0

[Event "First Saturday 2006 augusztus FM-B"]
[Site "Budapest"]
[Date "2006.08.10"]
[Round "6"]
[White "Kormos, Adam"]
[Black "Adorjan, Attila"]
[Result "1-0"]
[WhiteElo "2021"]
[BlackElo "1940"]
[PlyCount "61"]
[EventDate "2006.08.05"]

1. e4 c5 2. Nf3 Nc6 3. d4 cxd4 4. Nxd4 Nf6 5. Nc3 e5 6. Ndb5 d6 7. Bg5 a6 8.
Na3 b5 9. Nd5 Be7 10. Bxf6 Bxf6 11. c3 Bg5 12. Nc2 O-O 13. h4 Bh6 14. g3 g6 15.
Bg2 Be6 16. Nce3 Ne7 17. Nf6+ Kg7 18. Neg4 Bxg4 19. Nxg4 Rb8 20. Nxh6 Kxh6 21.
Qd2+ Kg7 22. h5 Ng8 23. O-O-O Rb6 24. hxg6 fxg6 25. f4 Qf6 26. Kb1 a5 27. Qe3
Ra6 28. Rh4 Ne7 29. fxe5 Qxe5 30. Qh6+ Kf7 31. Rf4+ 1-0

[Event "First Saturday 2006 augusztus FM-B"]
[Site "Budapest"]
[Date "2006.08.10"]
[Round "6"]
[White "Papp, Jozsef"]
[Black "Szepes, Tamas"]
[Result "0-1"]
[WhiteElo "1889"]
[BlackElo "1937"]
[PlyCount "54"]
[EventDate "2006.08.05"]

1. Nf3 d5 2. d4 e6 3. e3 Nf6 4. Bd3 c5 5. b3 Nc6 6. a3 cxd4 7. exd4 Be7 8. O-O
h6 9. Bb2 O-O 10. Nbd2 b6 11. Qe2 Bb7 12. Ne5 Rc8 13. f4 Qc7 14. Rac1 Nxe5 15.
fxe5 Ne4 16. Nxe4 dxe4 17. Bxe4 Bxe4 18. Qxe4 Bg5 19. c4 Bxc1 20. Bxc1 Qe7 21.
Qg4 f5 22. exf6 Rxf6 23. Re1 Rcf8 24. b4 Qf7 25. Qe2 Rf2 26. Qd3 Rxg2+ 27. Kh1
Qf2 0-1

[Event "First Saturday 2006 augusztus FM-B"]
[Site "Budapest"]
[Date "2006.08.10"]
[Round "6"]
[White "Katona, Gabor Zsolt"]
[Black "Teglas, Balazs"]
[Result "1-0"]
[WhiteElo "2064"]
[BlackElo "2041"]
[PlyCount "43"]
[EventDate "2006.08.05"]

1. e4 c5 2. Nf3 g6 3. d4 Bg7 4. Nc3 Qa5 5. Bd2 cxd4 6. Nd5 Qd8 7. Bf4 d6 8.
Nxd4 e6 9. Nb5 exd5 10. Nxd6+ Kf8 11. Qxd5 Be6 12. Qxb7 Nd7 13. Nc4 Bf6 14.
O-O-O Rc8 15. Ne5 Bg5 16. Nxd7+ Bxd7 17. Rxd7 Bxf4+ 18. Kb1 Qe8 19. Rxf7+ Qxf7
20. Qxc8+ Kg7 21. Bc4 Ne7 22. Qxh8+ 1-0

[Event "First Saturday 2006 augusztus FM-B"]
[Site "Budapest"]
[Date "2006.08.11"]
[Round "7"]
[White "Teglas, Balazs"]
[Black "Zoldy, Robert"]
[Result "0-1"]
[WhiteElo "2041"]
[BlackElo "2003"]
[PlyCount "60"]
[EventDate "2006.08.05"]

1. e4 c5 2. Nf3 d6 3. b3 Nf6 4. e5 dxe5 5. Nxe5 Qd4 6. Bb2 Qxb2 7. Nc3 Bf5 8.
Rc1 Be6 9. a4 Ne4 10. Bb5+ Nd7 11. Nxd7 Bxd7 12. Bxd7+ Kxd7 13. Rb1 Qa3 14.
Nxe4 Qb4 15. Qf3 Ke8 16. O-O Rc8 17. Rfe1 Qb6 18. Ng5 f6 19. Qf5 Rc6 20. Nxh7
e6 21. Qg6+ Ke7 22. Re3 c4 23. Rbe1 cxb3 24. Rxb3 Qc7 25. Rh3 Kd8 26. Rd3+ Bd6
27. Rxe6 Qd7 28. Qf5 Kc7 29. g3 Rxh7 30. Rexd6 Qxf5 0-1

[Event "First Saturday 2006 augusztus FM-B"]
[Site "Budapest"]
[Date "2006.08.11"]
[Round "7"]
[White "Szepes, Tamas"]
[Black "Katona, Gabor Zsolt"]
[Result "1-0"]
[WhiteElo "1937"]
[BlackElo "2064"]
[PlyCount "47"]
[EventDate "2006.08.05"]

1. d4 Nf6 2. c4 g6 3. Nc3 Bg7 4. e4 d6 5. Bd3 O-O 6. Nge2 Nbd7 7. O-O e5 8. d5
Nc5 9. f4 Nxd3 10. Qxd3 exf4 11. Bxf4 Ng4 12. b3 f5 13. Rae1 Ne5 14. Qd2 Qf6
15. Bg5 Qf7 16. Ng3 h6 17. Bxh6 Bxh6 18. Qxh6 f4 19. Nce2 f3 20. gxf3 Nxf3+ 21.
Rxf3 Qxf3 22. Qxg6+ Kh8 23. Qh6+ Kg8 24. Rf1 1-0

[Event "First Saturday 2006 augusztus FM-B"]
[Site "Budapest"]
[Date "2006.08.11"]
[Round "7"]
[White "Adorjan, Attila"]
[Black "Papp, Jozsef"]
[Result "1-0"]
[WhiteElo "1940"]
[BlackElo "1889"]
[PlyCount "69"]
[EventDate "2006.08.05"]

1. e4 c5 2. Nf3 Nc6 3. d4 cxd4 4. Nxd4 Qc7 5. Nc3 e6 6. Ndb5 Qb8 7. Be3 a6 8.
Nd4 b5 9. a3 Nf6 10. Bd3 Bb7 11. O-O Be7 12. f4 d6 13. f5 Nxd4 14. Bxd4 e5 15.
Bf2 Qc7 16. Bh4 Nxe4 17. Nxe4 Bxh4 18. Nxd6+ Kf8 19. Nxb7 Qxb7 20. Be2 Qb6+ 21.
Kh1 Rd8 22. Qc1 Ke7 23. c4 Rc8 24. b3 Rhd8 25. Qb2 Bf6 26. Qc3 Kf8 27. Rad1 Rd4
28. Rxd4 exd4 29. Qf3 bxc4 30. Bxc4 a5 31. Qh5 Rxc4 32. bxc4 Qc5 33. Qxh7 Ke7
34. Re1+ Be5 35. Qxg7 1-0

[Event "First Saturday 2006 augusztus FM-B"]
[Site "Budapest"]
[Date "2006.08.11"]
[Round "7"]
[White "Surinya, Tibor"]
[Black "Kormos, Adam"]
[Result "0-1"]
[WhiteElo "1858"]
[BlackElo "2021"]
[PlyCount "68"]
[EventDate "2006.08.05"]

1. d4 Nf6 2. c4 e6 3. Nf3 b6 4. g3 Ba6 5. b3 b5 6. c5 Bb7 7. Bg2 d6 8. cxd6
Bxd6 9. O-O Nbd7 10. Bg5 h6 11. Bxf6 Nxf6 12. Nbd2 c5 13. dxc5 Bxc5 14. Rc1 Ba3
15. Rc2 Qe7 16. Ne5 Bxg2 17. Kxg2 O-O 18. Ndf3 Rac8 19. Qd3 Qb7 20. Rd1 Nd5 21.
Rxc8 Rxc8 22. Qd4 Bc5 23. Qh4 Be7 24. Qg4 Bg5 25. h4 f5 26. Qd4 Bf6 27. Kh2 Qc7
28. Rd2 Rd8 29. Rb2 g5 30. hxg5 hxg5 31. Rc2 Qg7 32. Rc6 g4 33. Rxe6 gxf3 34.
exf3 Nc7 0-1

[Event "First Saturday 2006 augusztus FM-B"]
[Site "Budapest"]
[Date "2006.08.11"]
[Round "7"]
[White "Martin, Bela"]
[Black "Lakat, Gyula"]
[Result "1-0"]
[WhiteElo "2027"]
[BlackElo "2005"]
[PlyCount "47"]
[EventDate "2006.08.05"]

1. e4 e6 2. d4 d5 3. Nc3 Nf6 4. Bg5 Be7 5. e5 Nfd7 6. Bxe7 Qxe7 7. f4 c5 8. Nb5
Kd8 9. Nf3 c4 10. Qd2 a6 11. Nd6 h6 12. b3 cxb3 13. Qa5+ b6 14. Qc3 Nc5 15.
dxc5 Qc7 16. cxb3 bxc5 17. Rc1 Ke7 18. Qxc5 Qxc5 19. Rxc5 Nd7 20. Rxc8 Rhxc8
21. Nxc8+ Rxc8 22. Kd2 Nc5 23. Bd3 f5 24. Rc1 1-0

[Event "First Saturday 2006 augusztus FM-B"]
[Site "Budapest"]
[Date "2006.08.11"]
[Round "7"]
[White "Nagy, Aron"]
[Black "Dobos, Otto"]
[Result "1-0"]
[WhiteElo "1922"]
[BlackElo "1864"]
[PlyCount "45"]
[EventDate "2006.08.05"]

1. e4 e5 2. Nf3 d6 3. d4 exd4 4. Nxd4 Nf6 5. Nc3 Be7 6. Be3 a6 7. f3 b5 8. a3
O-O 9. Qd2 c5 10. Nb3 Nc6 11. g4 b4 12. axb4 cxb4 13. Na4 Ne5 14. Be2 Rb8 15.
g5 Ne8 16. h4 Qc7 17. h5 f6 18. g6 Nc4 19. Qd5+ Kh8 20. Qxc4 Qb7 21. Na5 Qd7
22. Nb6 Qd8 23. Nc6 1-0

[Event "First Saturday 2006 augusztus FM-B"]
[Site "Budapest"]
[Date "2006.08.12"]
[Round "8"]
[White "Neuberg, Hans-Gerhard"]
[Black "Dobos, Otto"]
[Result "1-0"]
[WhiteElo "1966"]
[BlackElo "1864"]
[PlyCount "81"]
[EventDate "2006.08.05"]

1. e4 e5 2. Nf3 d6 3. Bc4 Be7 4. Nc3 a6 5. a3 Nf6 6. d3 O-O 7. h3 b5 8. Ba2 c5
9. Bd2 Bb7 10. O-O Nc6 11. Nh2 b4 12. axb4 Nxb4 13. Bb3 Qb6 14. Kh1 d5 15. exd5
Nbxd5 16. Ng4 Qc6 17. Nxe5 Qc8 18. Nxd5 Nxd5 19. Qg4 Qc7 20. Rfe1 Nf6 21. Qe2
Bd6 22. Ng4 Nd5 23. Bxd5 Bxd5 24. Ne3 Bc6 25. Nc4 Qd7 26. Qh5 Bc7 27. Qg4 f5
28. Qe2 Rae8 29. Qf1 f4 30. f3 Bb5 31. Na3 Bc6 32. Nb1 Rxe1 33. Bxe1 a5 34. Nc3
a4 35. Ne4 Bd6 36. Bf2 Bxe4 37. dxe4 Rb8 38. Qc4+ Kf8 39. Rxa4 Rxb2 40. Ra8+
Ke7 41. Bh4+ 1-0

[Event "First Saturday 2006 augusztus FM-B"]
[Site "Budapest"]
[Date "2006.08.12"]
[Round "8"]
[White "Lakat, Gyula"]
[Black "Nagy, Aron"]
[Result "0-1"]
[WhiteElo "2005"]
[BlackElo "1922"]
[PlyCount "96"]
[EventDate "2006.08.05"]

1. e4 e6 2. d4 d5 3. Nc3 Nf6 4. Bg5 Bb4 5. e5 h6 6. Bd2 Bxc3 7. Bxc3 Ne4 8. Bd3
Nxc3 9. bxc3 c5 10. h4 Qa5 11. Qd2 cxd4 12. cxd4 Qxd2+ 13. Kxd2 b6 14. a4 Ba6
15. Bb5+ Ke7 16. Ne2 Rc8 17. Rh3 h5 18. Nc3 Bb7 19. Be2 Nc6 20. Nb5 g6 21. Nd6
Rc7 22. c3 Na5 23. Rg1 Bc6 24. g4 hxg4 25. Rxg4 Bxa4 26. h5 gxh5 27. Rg7 Rf8
28. Rxh5 Be8 29. Rhh7 Nb7 30. Nxb7 Rxb7 31. c4 dxc4 32. Bxc4 b5 33. Ba2 Bc6 34.
f4 Be4 35. Rh6 Rb6 36. Ke3 Bf5 37. d5 b4 38. d6+ Ke8 39. Bb3 Ra6 40. Kd4 Ra3
41. Bc4 a6 42. Kc5 b3 43. Kc6 Kd8 44. Rxf7 Be4+ 45. Kb6 Rxf7 46. Bxe6 Rf8 47.
f5 b2 48. Ba2 Rxa2 0-1

[Event "First Saturday 2006 augusztus FM-B"]
[Site "Budapest"]
[Date "2006.08.12"]
[Round "8"]
[White "Kormos, Adam"]
[Black "Martin, Bela"]
[Result "1-0"]
[WhiteElo "2021"]
[BlackElo "2027"]
[PlyCount "93"]
[EventDate "2006.08.05"]

1. e4 c5 2. Nf3 d6 3. d4 cxd4 4. Nxd4 Nf6 5. Nc3 Nc6 6. Be2 e5 7. Nb3 Be7 8.
O-O O-O 9. Be3 Be6 10. Kh1 a5 11. a4 Nb4 12. f4 exf4 13. Bxf4 Bxb3 14. cxb3 d5
15. e5 Ne4 16. Bd3 Nxd3 17. Qxd3 Nxc3 18. bxc3 Qb6 19. Rf3 Rfd8 20. Rh3 Qg6 21.
Qd2 Rac8 22. Rg3 Qb6 23. Bh6 g6 24. Rh3 Qe6 25. Bg7 g5 26. Rh6 Qf5 27. Bf6 Bxf6
28. exf6 d4 29. cxd4 Rc2 30. Qe3 Qf4 31. Qxf4 gxf4 32. Re1 Rc3 33. Rh5 Rxb3 34.
Rg5+ Kh8 35. Rg7 Re3 36. Rc1 Rde8 37. h3 Re1+ 38. Rxe1 Rxe1+ 39. Kh2 Re6 40.
Rxf7 Kg8 41. Rg7+ Kh8 42. Rxb7 Rxf6 43. Rb5 Ra6 44. Rf5 Rd6 45. Rxf4 Rd5 46.
Kg3 Kg7 47. Kf3 1-0

[Event "First Saturday 2006 augusztus FM-B"]
[Site "Budapest"]
[Date "2006.08.12"]
[Round "8"]
[White "Papp, Jozsef"]
[Black "Surinya, Tibor"]
[Result "1-0"]
[WhiteElo "1889"]
[BlackElo "1858"]
[PlyCount "109"]
[EventDate "2006.08.05"]

1. Nf3 Nf6 2. d4 d5 3. a3 Bg4 4. Qd3 a6 5. g3 e6 6. Bg2 c5 7. c3 c4 8. Qd1 Bd6
9. O-O Nc6 10. b4 cxb3 11. Qxb3 Na5 12. Qb2 b5 13. Nbd2 Rb8 14. Qc2 Bf5 15. Qd1
O-O 16. Nh4 Bg6 17. Nxg6 hxg6 18. f3 Nc4 19. Nxc4 bxc4 20. Qc2 Qc7 21. e4 Nd7
22. exd5 exd5 23. f4 Nb6 24. f5 gxf5 25. Qxf5 g6 26. Qg5 Qe7 27. Qh6 Rfe8 28.
Bg5 Qf8 29. Qh3 Qg7 30. Rf2 Qh7 31. Qg4 Qh5 32. Qxh5 gxh5 33. Bf3 h4 34. gxh4
Rb7 35. h5 Kh7 36. Bg4 Rg8 37. Bf5+ Kh8 38. Rg2 Be7 39. h4 Na4 40. Rc1 f6 41.
Bf4 Rxg2+ 42. Kxg2 Bxa3 43. Rc2 Rb2 44. Bd2 Rxc2 45. Bxc2 Nb6 46. Kf3 Kg7 47.
h6+ Kf7 48. Kf4 Bf8 49. Kf5 Nc8 50. h5 Ne7+ 51. Kg4 a5 52. Ba4 Nc8 53. Bc2 Ne7
54. Bf4 Ke6 55. h7 1-0

[Event "First Saturday 2006 augusztus FM-B"]
[Site "Budapest"]
[Date "2006.08.12"]
[Round "8"]
[White "Katona, Gabor Zsolt"]
[Black "Adorjan, Attila"]
[Result "1-0"]
[WhiteElo "2064"]
[BlackElo "1940"]
[PlyCount "53"]
[EventDate "2006.08.05"]

1. e4 c5 2. Nf3 Nc6 3. d4 cxd4 4. Nxd4 Nf6 5. Nc3 e5 6. Ndb5 d6 7. Bg5 a6 8.
Na3 b5 9. Bxf6 gxf6 10. Nd5 f5 11. exf5 b4 12. Nc4 Bxf5 13. Bd3 e4 14. Qe2 Nd4
15. Qe3 Bg7 16. O-O-O O-O 17. Bxe4 Re8 18. Rxd4 Bxd4 19. Qxd4 Bxe4 20. Nf6+ Kf8
21. Nxe8 Qg5+ 22. Ne3 Rxe8 23. Qxd6+ Kg8 24. Qg3 h6 25. Rd1 Rc8 26. Qxg5+ hxg5
27. Rd4 1-0

[Event "First Saturday 2006 augusztus FM-B"]
[Site "Budapest"]
[Date "2006.08.12"]
[Round "8"]
[White "Zoldy, Robert"]
[Black "Szepes, Tamas"]
[Result "1-0"]
[WhiteElo "2003"]
[BlackElo "1937"]
[PlyCount "113"]
[EventDate "2006.08.05"]

1. e4 e5 2. Nf3 Nc6 3. Bc4 d6 4. d4 exd4 5. Nxd4 Nf6 6. Nc3 g6 7. Bg5 Bg7 8.
Nxc6 bxc6 9. e5 Qe7 10. O-O dxe5 11. Qf3 O-O 12. Qxc6 Bd7 13. Qa6 c6 14. Ne4
Bf5 15. Rfe1 Bxe4 16. Rxe4 Qc5 17. Bxf6 Bxf6 18. Bb3 Qb6 19. Qe2 Rad8 20. h4
Rd4 21. h5 Kg7 22. Rxd4 Qxd4 23. Rd1 Qxb2 24. Qf3 c5 25. h6+ Kxh6 26. Qxf6 c4
27. Bxc4 Qxc2 28. Rd3 Qc1+ 29. Kh2 Qf4+ 30. Qxf4+ exf4 31. Rd7 Rc8 32. Bxf7 Rc2
33. f3 g5 34. Bg8 g4 35. fxg4 f3 36. Kg3 fxg2 37. Rd1 Kg5 38. Rg1 Rc3+ 39. Kxg2
Kxg4 40. Kh2+ Kf4 41. Bxh7 Rc7 42. Bg8 Rc2+ 43. Rg2 Rc5 44. Bb3 Ke3 45. Rc2 Rg5
46. Rc3+ Kd4 47. Rc4+ Kd3 48. Kh3 Rg7 49. Kh4 Kd2 50. Kh5 a5 51. Kh6 Ra7 52.
Kg6 Kd3 53. Kf6 Kd2 54. Ke6 Kd3 55. Kd6 a4 56. Rxa4 Rb7 57. Rc4 1-0

[Event "First Saturday 2006 augusztus FM-B"]
[Site "Budapest"]
[Date "2006.08.13"]
[Round "9"]
[White "Teglas, Balazs"]
[Black "Neuberg, Hans-Gerhard"]
[Result "1-0"]
[WhiteElo "2041"]
[BlackElo "1966"]
[PlyCount "215"]
[EventDate "2006.08.05"]

1. d4 g6 2. e4 Bg7 3. Nf3 d6 4. Bc4 Nf6 5. Nc3 O-O 6. O-O Nxe4 7. Nxe4 d5 8.
Bd3 dxe4 9. Bxe4 Nd7 10. c3 Nf6 11. Bc2 b6 12. Ne5 Bb7 13. Qe2 e6 14. Bg5 Qd6
15. Rfe1 Nd7 16. Rad1 Nf6 17. Qd2 Qd5 18. f3 Qxa2 19. Ra1 Qd5 20. Bxf6 Bxf6 21.
Be4 Qd6 22. Bxb7 Rad8 23. Qe3 a5 24. f4 c6 25. Qf3 c5 26. Qc6 cxd4 27. Qxd6
Rxd6 28. Rad1 Rfd8 29. Rxd4 Rxd4 30. cxd4 Rxd4 31. Re4 Rd2 32. b3 Be7 33. Kf1
Rb2 34. Re3 Bc5 35. Rd3 Rf2+ 36. Ke1 Rxf4 37. Rf3 Rxf3 38. gxf3 f6 39. Nd7 Bd4
40. Ke2 Kf7 41. Kd3 Bg1 42. h3 Ke7 43. Bc6 f5 44. Kc4 Kd6 45. Kb5 g5 46. Nxb6
Ke5 47. Nd7+ Kf4 48. Nf6 h6 49. Nh5+ Ke3 50. Ng7 Kf2 51. Nxe6 Kg3 52. Ng7 Kxh3
53. Nxf5 h5 54. Kxa5 Bh2 55. Ng7 h4 56. Ne6 g4 57. b4 Bd6 58. Ng5+ Kg3 59. Ne4+
Kf4 60. fxg4 Bxb4+ 61. Kxb4 Kxg4 62. Nf2+ Kg3 63. Nh1+ Kf4 64. Kc3 h3 65. Kd3
h2 66. Ke2 Ke5 67. Kf2 Kd6 68. Bf3 Ke5 69. Kg2 Kd4 70. Kxh2 Ke3 71. Kg3 Kd4 72.
Kf4 Kd3 73. Nf2+ Kd4 74. Be4 Kc3 75. Ke3 Kb2 76. Kd4 Kc1 77. Bd3 Kb2 78. Kc4
Ka1 79. Kc3 Ka2 80. Bc2 Ka1 81. Nd3 Ka2 82. Nc5 Ka1 83. Bb3 Kb1 84. Nd3 Ka1 85.
Nb4 Kb1 86. Nc2 Kc1 87. Nb4 Kb1 88. Nc2 Kc1 89. Ba2 Kd1 90. Nd4 Ke1 91. Kd3 Kf2
92. Ne2 Kf3 93. Be6 Kf2 94. Bd5 Ke1 95. Ke3 Kd1 96. Bb3+ Ke1 97. Nf4 Kf1 98.
Bd1 Ke1 99. Bf3 Kf1 100. Nd3 Kg1 101. Kf4 Kh2 102. Nf2 Kg1 103. Kg3 Kf1 104.
Nd3 Kg1 105. Be2 Kh1 106. Nf2+ Kg1 107. Nh3+ Kh1 108. Bf3# 1-0

[Event "First Saturday 2006 augusztus FM-B"]
[Site "Budapest"]
[Date "2006.08.13"]
[Round "9"]
[White "Adorjan, Attila"]
[Black "Zoldy, Robert"]
[Result "1/2-1/2"]
[WhiteElo "1940"]
[BlackElo "2003"]
[PlyCount "52"]
[EventDate "2006.08.05"]

1. e4 c5 2. Nf3 d6 3. d4 cxd4 4. Nxd4 Nf6 5. f3 e5 6. Nb3 Be6 7. Bg5 d5 8. Bxf6
gxf6 9. exd5 Qxd5 10. Qxd5 Bxd5 11. Nc3 Be6 12. O-O-O Bh6+ 13. Kb1 Nd7 14. Bb5
O-O-O 15. Nd5 f5 16. Rhe1 Bg7 17. Ne7+ Kc7 18. Bd3 f4 19. Nf5 Bf6 20. Be4 b6
21. Rd3 Rhg8 22. Re2 Kb8 23. Red2 h5 24. Nd6 Kc7 25. Nb5+ Kb8 26. Nd6 Kc7
1/2-1/2

[Event "First Saturday 2006 augusztus FM-B"]
[Site "Budapest"]
[Date "2006.08.13"]
[Round "9"]
[White "Surinya, Tibor"]
[Black "Katona, Gabor Zsolt"]
[Result "1/2-1/2"]
[WhiteElo "1858"]
[BlackElo "2064"]
[PlyCount "111"]
[EventDate "2006.08.05"]

1. d4 Nf6 2. c4 g6 3. Nc3 Bg7 4. e4 d6 5. Be2 O-O 6. Bg5 Nbd7 7. Qd2 c5 8. d5
Re8 9. Nf3 Ng4 10. O-O Nge5 11. Nxe5 Nxe5 12. f4 Nd7 13. Rae1 h6 14. Bh4 a6 15.
a4 Rf8 16. Bd3 Qe8 17. Bg3 e5 18. f5 Nf6 19. Bh4 Kh7 20. h3 Bd7 21. b3 Rb8 22.
Qe2 b6 23. g4 g5 24. Bg3 Ng8 25. h4 Bf6 26. h5 Bd8 27. Rb1 f6 28. Rb2 Ne7 29.
Rfb1 Bc7 30. Be1 Nc8 31. Qc2 Na7 32. Kg2 Qf7 33. Be2 Rb7 34. Bd2 Rfb8 35. Bc1
Qe8 36. Kh1 b5 37. axb5 axb5 38. Kg2 bxc4 39. bxc4 Rxb2 40. Rxb2 Rxb2 41. Qxb2
Ba5 42. Bd2 Bb4 43. Na2 Bxd2 44. Qxd2 Qb8 45. Qc2 Nc8 46. Kf2 Qc7 47. Qb2 Nb6
48. Ke3 Qa7 49. Bd3 Qa6 50. Kf2 Qa5 51. Be2 Ba4 52. Qc3 Qa6 53. Nc1 Kg7 54. Ke1
Kf7 55. Kd2 Kf8 56. Bf1 1/2-1/2

[Event "First Saturday 2006 augusztus FM-B"]
[Site "Budapest"]
[Date "2006.08.13"]
[Round "9"]
[White "Martin, Bela"]
[Black "Papp, Jozsef"]
[Result "1-0"]
[WhiteElo "2027"]
[BlackElo "1889"]
[PlyCount "89"]
[EventDate "2006.08.05"]

1. e4 c5 2. Nf3 Nc6 3. d4 cxd4 4. Nxd4 Qc7 5. Nc3 e6 6. Ndb5 Qb8 7. Be3 a6 8.
Bb6 axb5 9. Nxb5 Bb4+ 10. c3 Ba5 11. Nc7+ Kf8 12. Nxa8 Qxa8 13. Qd6+ Nge7 14.
Qa3 Qb8 15. Bxa5 Qe5 16. Bb6 Qxe4+ 17. Be3 f6 18. Qd6 Kf7 19. Qd3 Qg4 20. h3
Qa4 21. Be2 d5 22. b3 Qa3 23. O-O e5 24. f4 e4 25. Qc2 h5 26. Qc1 Qd6 27. b4
Nf5 28. Bc5 Qc7 29. Qd1 Be6 30. Bxh5+ g6 31. Bg4 Rd8 32. Qe1 b6 33. Be3 Nxe3
34. Bxe6+ Kxe6 35. Qxe3 f5 36. Rfd1 Rd7 37. Qg3 Ne7 38. a4 Qa7 39. Qe3 Nc6 40.
a5 d4 41. cxd4 Nxb4 42. Qb3+ Nd5 43. axb6 Qxb6 44. Qxb6+ Nxb6 45. Ra6 1-0

[Event "First Saturday 2006 augusztus FM-B"]
[Site "Budapest"]
[Date "2006.08.13"]
[Round "9"]
[White "Nagy, Aron"]
[Black "Kormos, Adam"]
[Result "1/2-1/2"]
[WhiteElo "1922"]
[BlackElo "2021"]
[PlyCount "62"]
[EventDate "2006.08.05"]

1. d4 Nf6 2. c4 e6 3. Nc3 Bb4 4. Qc2 O-O 5. a3 Bxc3+ 6. Qxc3 Ne4 7. Qc2 f5 8.
Nh3 d6 9. f3 Nf6 10. e3 Nbd7 11. Be2 c5 12. dxc5 dxc5 13. b3 Qc7 14. Bb2 b6 15.
O-O Bb7 16. Rad1 Rad8 17. Rd2 Ne5 18. Rfd1 Ng6 19. Rxd8 Rxd8 20. Rxd8+ Qxd8 21.
Qd1 Qe7 22. Nf4 Nh4 23. Be5 Ne8 24. Qa1 Qf7 25. Nh3 h6 26. Qd1 Ng6 27. Bb8 e5
28. Qd8 Bc6 29. Qc8 Bb7 30. Qd8 Bc6 31. Qc8 Bb7 1/2-1/2

[Event "First Saturday 2006 augusztus FM-B"]
[Site "Budapest"]
[Date "2006.08.13"]
[Round "9"]
[White "Dobos, Otto"]
[Black "Lakat, Gyula"]
[Result "1-0"]
[WhiteElo "1864"]
[BlackElo "2005"]
[PlyCount "157"]
[EventDate "2006.08.05"]

1. d4 Nf6 2. Bf4 b6 3. e3 Bb7 4. Nd2 g6 5. Ngf3 Bg7 6. h3 d6 7. Bc4 Nbd7 8. c3
O-O 9. O-O Nh5 10. Bh2 Kh8 11. Ng5 d5 12. Be2 Nhf6 13. Ngf3 c5 14. Re1 Ne8 15.
Bb5 f6 16. Qa4 Nb8 17. dxc5 bxc5 18. Rad1 Nc7 19. Bf1 e5 20. b4 Bc6 21. Qc2 Qe7
22. Kh1 cxb4 23. cxb4 a5 24. bxa5 Rxa5 25. Rc1 Ne6 26. Nb3 Ra7 27. Qb2 Qa3 28.
Rc2 Qxb2 29. Rxb2 Nd7 30. Rc1 Ba4 31. Nfd2 Rb8 32. Rbc2 Raa8 33. f4 Bf8 34.
fxe5 fxe5 35. Be2 Ba3 36. Rf1 Rf8 37. Bg4 Rxf1+ 38. Nxf1 Re8 39. Rf2 Kg7 40.
Rd2 Bc6 41. Rc2 Bb5 42. Nfd2 h5 43. Bxe6 Rxe6 44. Rc7 Kf6 45. Ra7 Ra6 46. Rb7
Bc6 47. Rc7 Bd6 48. Rc8 Bb5 49. Rc2 Bd3 50. Rc3 Bf5 51. e4 dxe4 52. g4 Bb4 53.
gxf5 gxf5 54. Rc2 Rd6 55. Bg3 Rd3 56. Bh4+ Ke6 57. Kg2 Kd5 58. Nf1 f4 59. Kf2
Rxh3 60. Bd8 h4 61. Rc7 Rf3+ 62. Ke2 Kd6 63. Rc4 Bc5 64. Bxh4 Rh3 65. Be1 f3+
66. Kd1 e3 67. Nxe3 Bxe3 68. Rc3 Bb6 69. Rd3+ Ke6 70. Nd2 e4 71. Nxe4 Ke5 72.
Nf2 Bxf2 73. Bxf2 Nf6 74. Rd8 Rh1+ 75. Kc2 Rh2 76. Rd2 Rh7 77. Bd4+ Kf5 78. Rf2
Rh2 79. Rxh2 1-0

[Event "First Saturday 2006 augusztus FM-B"]
[Site "Budapest"]
[Date "2006.08.14"]
[Round "10"]
[White "Neuberg, Hans-Gerhard"]
[Black "Lakat, Gyula"]
[Result "0-1"]
[WhiteElo "1966"]
[BlackElo "2005"]
[PlyCount "130"]
[EventDate "2006.08.05"]

1. e4 g6 2. d4 Bg7 3. c3 d6 4. Bd3 Nf6 5. Bg5 O-O 6. Qd2 Re8 7. Ne2 e5 8. d5 c6
9. c4 Nbd7 10. Nbc3 Nc5 11. Bc2 a5 12. O-O Qc7 13. Rad1 cxd5 14. Bxf6 Bxf6 15.
Nxd5 Qd8 16. Nxf6+ Qxf6 17. Qxd6 Qxd6 18. Rxd6 Be6 19. b3 a4 20. Rfd1 axb3 21.
Bxb3 Nxe4 22. Rb6 Nc5 23. Nc3 Red8 24. Kf1 Rxd1+ 25. Nxd1 Bd7 26. Ne3 Bc6 27.
f3 f5 28. Nc2 Kf8 29. Nb4 Nd7 30. Rxc6 bxc6 31. Nxc6 Ra6 32. Nb4 Rd6 33. Ke2
Nc5 34. Nd5 Kf7 35. Kd2 g5 36. Kc3 h5 37. Bc2 e4 38. fxe4 Nxe4+ 39. Bxe4 fxe4
40. Kd4 Re6 41. Ke3 Ra6 42. Kxe4 Rxa2 43. Ne3 Ke6 44. h3 Rf2 45. c5 Rf4+ 46.
Kd3 Ke5 47. c6 Kd6 48. c7 Rf8 49. g4 h4 50. Nf5+ Kxc7 51. Kd4 Re8 52. Kd5 Kd7
53. Kd4 Re1 54. Kd5 Ke8 55. Nd4 Kf7 56. Nf3 Rd1+ 57. Ke5 Kg6 58. Ke6 Rf1 59.
Ne5+ Kg7 60. Kd6 Rf6+ 61. Kd5 Ra6 62. Ke4 Kf6 63. Nd7+ Ke7 64. Nc5 Ra5 65. Nd3
Kf6 0-1

[Event "First Saturday 2006 augusztus FM-B"]
[Site "Budapest"]
[Date "2006.08.14"]
[Round "10"]
[White "Kormos, Adam"]
[Black "Dobos, Otto"]
[Result "1-0"]
[WhiteElo "2021"]
[BlackElo "1864"]
[PlyCount "103"]
[EventDate "2006.08.05"]

1. e4 e5 2. Nc3 Nf6 3. f4 exf4 4. e5 Ng8 5. Nf3 d6 6. Bc4 Nc6 7. exd6 Bxd6 8.
O-O Nf6 9. Re1+ Be7 10. d4 O-O 11. Bxf4 Bd6 12. Bg5 h6 13. Bh4 Bg4 14. Bf2 Na5
15. Be2 Re8 16. h3 Bf5 17. Nh4 Bh7 18. Bd3 Rxe1+ 19. Bxe1 Bb4 20. Bxh7+ Nxh7
21. Nf5 Kh8 22. a3 Bf8 23. Ne4 Qd5 24. Nfg3 Rd8 25. Qd3 Nc6 26. c3 Ne5 27. Qc2
Ng6 28. Rd1 f5 29. c4 Qd7 30. Nc3 Ne7 31. Nce2 g6 32. d5 Bg7 33. Bc3 Nc8 34.
Nf4 Qe8 35. Bxg7+ Kxg7 36. Ne6+ Kf7 37. Nxd8+ Qxd8 38. Re1 Nd6 39. c5 Ne8 40.
Qe2 Nhf6 41. Qe6+ Kf8 42. Rd1 Ng7 43. Qe3 g5 44. Qd3 Qd7 45. d6 c6 46. Nxf5 Ne6
47. Nxh6 Nf4 48. Qf5 Ne2+ 49. Kf2 Kg7 50. Kxe2 Qe8+ 51. Kf1 Ne4 52. Qf7+ 1-0